000 00780nam a2200253Ia 4500
003 OSt
005 20221005092854.0
006 a|||||r|||| 00| 0
007 ta
008 221004b |||||||| |||| 00| 0 eng d
020 _a0791453081 (pbk)
_c1019.13
024 _a102778
037 _b3699, 03/02/2010, Bharat Scientific Syndicate
_cTextual
040 _aCRL
_cCRL
_beng
041 _2eng
_aeng
082 _aO11196:g, P2
100 _aMazor Yair
_9617886
245 0 _aSomber lust
_bThe art of amos oz
260 _aNew York
_bState University of New Press USA
_c2002
300 _axi,206p
_ccm.
650 _aENGLISH LITERATURE
942 _hO11196:g, P2
_cTEXL
_2cc
999 _c999513
_d999513